| 000 | 00000nam 2200000zi 4500 |
| 001 | 9.897498 |
| 003 | CaOODSP |
| 005 | 20221107174615 |
| 006 | m o d f |
| 007 | cr |n||||||||| |
| 008 | 210315e202103##onc ob f000 0 fre d |
| 040 | |aCaOODSP|bfre|erda|cCaOODSP |
| 043 | |aa-cc |
| 086 | 1 |aXC11-1/1-432-4F-PDF |
| 110 | 1 |aCanada. |bParlement. |bChambre des communes. |bSous-comiteĢ des droits internationaux de la personne, |eorganisme de publication. |
| 245 | 13|aLa situation des droits de la personne du peuple ouïghour au Xinjiang, en Chine / |cle président Sven Spengemann ; le président Peter Fonseca. |
| 264 | 1|a[Ottawa] : |bChambre des communes, Canada = House of Commons, Canada, |cMars 2021. |
| 300 | |a1 ressource en ligne (xiv, 55 pages) |
| 336 | |atexte|btxt|2rdacontent/fre |
| 337 | |ainformatique|bc|2rdamedia/fre |
| 338 | |aressource en ligne|bcr|2rdacarrier/fre |
| 490 | 1 |aRapport du Comité permanent des affaires étrangères et du développement international ; |v4e rapport, 43e législature, 2e session |
| 500 | |aPublié aussi en anglais sous le titre : The human rights situation of Uyghurs in Xinjiang, China. |
| 500 | |aPublié aussi en format HTML. |
| 504 | |aComprend des références bibliographiques. |
| 650 | 6|aRépression politique|zChine|zXinjiang. |
| 650 | 6|aOuïgour (Peuple turc)|xViolence envers|zChine|zXinjiang. |
| 650 | 6|aMusulmans|xViolence envers|zChine|zXinjiang. |
| 650 | 6|aOuïgour (Peuple turc)|zChine|xRelations avec l'État. |
| 650 | 6|aDroits de l'homme (Droit international)|zChine|zXinjiang. |
| 700 | 1 |aSpengemann, Sven. |
| 700 | 1 |aFonseca, Peter, |d1966- |
| 710 | 1 |aCanada. |bParlement. |bChambre des communes. |bComité permanent des affaires étrangères et du développement international, |eorganisme de publication. |
| 775 | 08|tThe human rights situation of Uyghurs in Xinjiang, China / |w(CaOODSP)9.897483 |
| 830 | #0|aRapport du Comité permanent des affaires étrangères et du développement international ;|v4e rapport, 43e législature, 2e session.|w(CaOODSP)9.503478 |
| 856 | 40|qPDF|s2.00 Mo|uhttps://publications.gc.ca/collections/collection_2021/parl/xc11-1/XC11-1-1-432-4-fra.pdf |
| 856 | 4 |qHTML|sS.O.|uhttps://www.noscommunes.ca/DocumentViewer/fr/43-2/FAAE/rapport-4 |